Why She Loves Him/ (Record no. 188316)

MARC details
000 -LEADER
fixed length control field 00490nam a22001817a 4500
005 - DATE AND TIME OF LATEST TRANSACTION
control field 20220518154349.0
010 ## - LCCN (DPL NO)
LC control number ENG-132668
020 ## - INTERNATIONAL STANDARD BOOK NUMBER
International Standard Book Number 9781921401190
Terms of availability 199.00
035 ## - SYSTEM CONTROL NUMBER
System control number EN-116200
037 ## - SOURCE OF ACQUISITION
Source of stock number/acquisition DBAD/PUB
082 ## - DEWEY DECIMAL CLASSIFICATION NUMBER
Classification number S
100 ## - MAIN ENTRY--PERSONAL NAME
Personal name James, Wendy
245 ## - TITLE STATEMENT
Title Why She Loves Him/
Statement of responsibility, etc Wendy James
260 ## - PUBLICATION, DISTRIBUTION, ETC. (IMPRINT)
Place of publication, distribution, etc Australia
Name of publisher, distributor, etc University of Western Australia Press
Date of publication, distribution, etc 2009
270 ## - ADDRESS
Address Crawley, Western Australia
City Australia
300 ## - PHYSICAL DESCRIPTION
Extent 225p.
Dimensions 20cm(pbk)
942 ## - ADDED ENTRY ELEMENTS (KOHA)
Source of classification or shelving scheme Dewey Decimal Classification
Item type English Books
Classification part S
Call number suffix JAM
Holdings
Withdrawn status Lost status Not for loan Collection code Home library Current library Date acquired Source of acquisition Cost, normal purchase price Full call number Barcode Copy number Cost, replacement price Koha item type
      Non-fiction Patel Nagar Patel Nagar 18/05/2022 DBAD/PUB 199.00 S JAM EN-116200 1 199.00 English Books

© Delhi Public Library
Hit Counter
free hit counter